O Conhecimento da Língua: Percursos de Desenvolvimento (Registo nº 4450)

Detalhes MARC
000 -Etiqueta do registo
Cabeçalho 00745nam0a2200265 4500
005 - Identificador da versão
Campo de controlo 20240813122101.0
010 ## - Número internacional normalizado dos livros (ISBN)
Número (ISBN) 9789727423088
021 ## - Número do Depósito Legal
Código do país PT
Número 292 714/09
100 ## - Dados gerais de processamento
Dados gerais de processamento 20120411d2011 m y0pory5003 ba
102 ## - Pais de publicação ou produção
País de publicação Portugal
101 0# - Língua de publicação
Língua do texto, banda sonora, etc. Português
106 ## - Campo de dados codificados: material textual
Dados codificados do material textual r
105 ## - Campo de dados codificados: livros
Dados codificados dos livros y z 001yy
215 ## - Descrição física 
Indicação específica da natureza do documento e extensão da espécie 93 p.
200 1# - Titulo e menção de responsabilidade
Título próprio O Conhecimento da Língua: Percursos de Desenvolvimento
Primeira menção de responsabilidade Fernanda Gonçalves
-- Paula Guerreiro
-- Maria João Freitas
Outras menções de responsabilidade Otília Sousa
205 ## - Menção da edição
Menção da edição 1a. ed
210 ## - Publicação, Distribuição, etc. 
Lugar da edição, distribuição, etc. Lisboa
Nome do editor, distribuidor, etc. Ministério da Educação
Data da publicação, distribuição, etc. 2011
675 ## - Classificação Decimal Universal (CDU)
Notação 371
Notação 373
700 #1 - Nome de autor-pessoa física (responsabilidade principal)
Número de registo de entrada de autoridade 0001296
Palavra de ordem Gonçalves
Outra parte do nome não tomada para palavra de ordem Fernanda Maria Ribeiro
Datas 1968-
966 ## - Identificação da Biblioteca
Sigla EBVendas
942 ## - Elementos de entrada adicionados (Koha)
Tipo de item no Koha Livro
Exemplares
Situação do levantamento Origin of item (home branch) (coded) Biblioteca de empréstimo Código de barras Cota Circulation type (not for loan) Tipo de documento Nota do exemplar Damaged status
  Biblioteca Escolar das Vendas Biblioteca Escolar das Vendas BEV2493 | 2011 3EDU GON   Livro Sem mensagem  
  Biblioteca Escolar das Vendas Biblioteca Escolar das Vendas BEV2494 | 2011 3EDU GON   Livro Sem mensagem  
  Biblioteca Escolar das Vendas Biblioteca Escolar das Vendas BEV2495 | 2011 3EDU GON   Livro Sem mensagem